| 000 | 00489nam a2200181Ia 4500 | ||
|---|---|---|---|
| 003 | LDD | ||
| 008 | 181029s9999 xx 000 0 und d | ||
| 020 |
_a970415344067 _c595.00 |
||
| 040 | _cLDD | ||
| 245 | 0 |
_aSociology _bthe key concepts |
|
| 260 |
_aNew York _bRoutledge _c2006 |
||
| 300 | _axx, 211 | ||
| 365 | _b595.00 | ||
| 901 |
_a15993 _b11-08-2017 |
||
| 902 |
_a18763 _b28-11-2017 _cF _dTB _e31 |
||
| 903 |
_aDiscount-20 _bReqst by : Kiranmayi Bhushi |
||
| 942 |
_2ddc _cBK |
||
| 999 |
_c123679 _d123679 |
||